| 000 | 01691 a2200253 4500 | ||
|---|---|---|---|
| 003 | Nust | ||
| 005 | 20241023132951.0 | ||
| 010 | _a 2004054664 | ||
| 020 | _a00714344836 | ||
| 040 | _cNust | ||
| 082 | 0 | 0 | _a621.381044,MAN |
| 100 | 1 |
_aManiktala, Sanjaya. _961449 |
|
| 245 | 1 | 0 |
_aSwitching power supply design & optimization / _cSanjaya Maniktala. |
| 260 |
_aNew York : _bMcGraw-Hill, _cc2005. |
||
| 300 |
_axvi, 395 p. : _bill. ; _c24 cm. |
||
| 440 | 0 |
_aMcGraw-Hill professional engineering. _93451 |
|
| 505 | _aOverview of switching power (Page-1), Dcdc converters and their configurations (Page-31), Reference equations and graphs for converter design (Page-61), Discontinuous conduction mode equations (Page-69), Chapters frontend of offline power supplies (Page-77), Isolated topologies for offline applications (Page-109), Concepts in magnetics (Page-153),Chapters tapped inductor topologies (Page-191), Selecting inductors for dcdc converters (Page-199), Flyback transformer design (Page-223), Forward converter magnetics design (Page-249), Pcbs and layout (Page-273),Thermal management (Page-287), Stabilizing current mode converters (Page-309), Practical EMI filter design (Page-319), Things to try (Page-331), Reliability testing and safety issues (Page-345). | ||
| 650 | 0 |
_aElectric current converters. _983236 |
|
| 650 | 0 | _aTelecommunication Engineering. | |
| 856 | 4 | 2 |
_3Contributor biographical information _uhttp://www.loc.gov/catdir/bios/mh051/2004054664.html |
| 856 | 4 | 2 |
_3Publisher description _uhttp://www.loc.gov/catdir/description/mh051/2004054664.html |
| 856 | 4 | 2 |
_3Table of contents _uhttp://www.loc.gov/catdir/toc/mh051/2004054664.html |
| 942 |
_cREF _2ddc |
||
| 999 |
_c188878 _d188878 |
||